000 00630nam a2200241Ia 4500
003 OSt
005 20221007072521.0
006 a|||||r|||| 00| 0
007 ta
008 221006b |||||||| |||| 00| 0 eng d
024 _a24,520
037 _cTextual
040 _aFLL
_cFLL
_beng
041 _2eng
_aeng
082 _aZ3:4, F9
100 _aClerk J.F.
_9690843
245 0 _aLaw of torts
260 _aLondon
_bSweet & Maxwell Limited UK
_c1929
300 _acxxx,827p
_ccm.
700 _a Lindsell W.H.
_9690844
942 _hZ3:4, F9
_cTEXL
_2CC
999 _c1146300
_d1146300